000 00319nam a2200133Ia 4500
008 240624s9999 xx 000 0 und d
041 _aeng
082 _a004 BAS
100 _aBASANDRA SURESH K
245 _aCOMPUTERS TODAY
260 _c2005
_aNew Delhi
_bGalgotia Publications
300 _alxix, : 1616
365 _cRS
999 _c2122
_d2122